<The> Steel market in 1979

Na minha lista:
Detalhes bibliográficos
Formato: Livro
Idioma:inglês
Publicado em: New York United Nations 1980
Tags: Adicionar Tag
Sem tags, seja o primeiro a adicionar uma tag!

MARC

LEADER 00000nam a2200000 4500
001 c141133
005 20041019155321.0
041 0 |a eng 
044 |a US 
245 1 0 |a <The> Steel market in 1979 
264 1 |a New York  |b United Nations  |c 1980 
300 |a 108 s.